000 00444nam a22001697a 4500
005 20240831144342.0
008 240830b |||||||| |||| 00| 0 eng d
020 _a9789356036383
041 _aeng
082 _a340 BAR
100 _aBARE ACT
245 _aTHE MINES AND MINERALS DEVELOPMENT AND REGULATIONS ACT,1957
260 _aNEW DELHI
_bCOMMERCIAL LAW PUBLISHERS [INDIA] PVT.LTD
300 _a917;P
650 _aMINING
942 _cBK
999 _c8583
_d8581